000 002540000a22000970004500
100 1 _aUphoff, Norman
245 1 0 _aLocal institutions : Defining them, seeing them, helping them
300 _aNúm 34 (1992), Páginas 3-5
773 0 _tTogether
942 _cANA
999 _c56335
_d56335